Most goal contributions (by players who have played in 21st century) - Statistics

General Stats
  • This quiz has been taken 102 times
  • The average score is 12 of 25
Answer Stats
Player G/A Goals Assists % Correct
Cristiano Ronaldo 1081 844 237
100%
Lionel Messi 1174 817 357
100%
Ronaldo Nazario 518 414 104
100%
Robert Lewandowski 792 636 156
85%
Neymar 682 434 248
82%
Karim Benzema 654 457 197
77%
Luis Suarez 790 543 247
77%
Zlatan Ibrahimovic 789 573 216
64%
Wayne Rooney 541 366 175
59%
Thomas Muller 540 295 245
49%
Thierry Henry 647 411 236
46%
Edinson Cavani 519 433 86
43%
Sergio Aguero 544 426 118
43%
Ronaldinho 500 313 187
39%
Samuel Eto'o 562 426 136
38%
Didier Drogba 474 363 111
34%
Raul 583 432 151
32%
Gonzalo Higuain 488 366 122
30%
Frank Lampard 472 303 169
28%
Alessandro Del Piero 505 343 161
23%
David Villa 535 426 109
23%
Francesco Totti 537 316 221
20%
Edin Dzeko 548 400 148
12%
Klaas-Jan Huntelaar 501 408 93
7%
Dries Mertens 496 280 216
5%
No matching quizzes found
Score Distribution
Percent of People with Each Score
Percentile by Number Answered
Your Score History
You have not taken this quiz